| 000 | 01486cam a2200361 a 4500 | ||
|---|---|---|---|
| 001 | EDZ0000082899 | ||
| 003 | StDuBDS | ||
| 005 | 20161031105202.0 | ||
| 006 | m||||||||d|||||||| | ||
| 007 | cr ||||||||||| | ||
| 008 | 120427s2010 caua fo| 001|0|eng|d | ||
| 020 |
_a9781446252161 (ebook) : _cNo price |
||
| 040 |
_aStDuBDS _beng _cStDuBDS _epn |
||
| 049 | _aAlfaisal Main Library | ||
| 050 | 0 |
_aHM831 _b.S623 2010 |
|
| 082 | 0 | 4 |
_a303.4 _223 |
| 245 | 0 | 0 |
_aSocial change and human development _h[electronic resource] : _bconcept and results / _cedited by Rainer K. Silbereisen and Xinyin Chen. |
| 260 |
_aLos Angeles, [Calif.] ; _aLondon : _bSAGE, _c2010. |
||
| 300 |
_a1 online resource (xi, 292 p.) : _bill. |
||
| 520 | 8 | _aIn this innovative volume, Rainer K. Silbereisen and Xinyin Chen bring together international experts in the field to examine how changes in our social world impact on our individual development. | |
| 504 | _aIncludes bibliographical references and index. | ||
| 521 | _aSpecialized. | ||
| 588 | _aDescription based on print version record. | ||
| 650 | 0 | _aSocial change. | |
| 650 | 0 | _aDevelopmental psychology. | |
| 655 | 7 |
_aElectronic books. _2local |
|
| 700 | 1 |
_aSilbereisen, R. K. _q(Rainer K.), _d1944- |
|
| 700 | 1 | _aChen, Xinyin. | |
| 710 | 2 | _aSage eBooks | |
| 776 | 0 | 8 |
_iPrint version : _z9781849200196 |
| 856 | 4 | 0 | _uhttp://ezproxy.alfaisal.edu/login?url=http://sk.sagepub.com/books/social-change-and-human-development |
| 942 |
_2lcc _cEBOOKS |
||
| 999 |
_c481223 _d481223 |
||